ბათუმის შოთა რუსთაველის სახელმწიფო უნივერსიტეტის ბიბლიოთეკა

გლობალიზაცია,ეკონომიკური თეორია და საქართველო / (ბიბ.ჩანაწერი № 40847)

000 -ლიდერი
ფიქსირებული სიგრძის საკონტროლო ველი 01179nam a2200265Ia 4500
001 - საკონტროლო ნომერი
საკონტროლო ველი 7488
003 - საკონტროლო ნომრის იდენტიფიკატორი
საკონტროლო ველი GE_BSU
005 - ბოლო ოპერაციის თარიღი და დრო
საკონტროლო ველი 20191008120404.0
008 - ფიქსირებული სიგრძის მონაცემთა ელემენტები - ზოგადი ინფორმაცია
ფიქსირებული სიგრძის საკონტროლო ველი 181216s2010||||ge |||||||||||||| ||geo||
020 ## - წიგნის საერთაშორისო სტანდარტული ნომერი
International Standard Book Number 9789994087594.
040 ## - კატალოგიზაციის წყარო
Transcribing agency GE_BSU
041 ## - ენის კოდი
Language code of text/sound track or separate title geo
080 ## - უნივერსალური ათობითი კლასიფიკაციის ინდექსი
Universal Decimal Classification number 339.924+330.1+316.32(479.22) ა-87
100 ## - მთავარი ჩანაწერი - პიროვნების სახელი
Personal name ასათიანი,როზეტა.
9 (RLIN) 568
245 ## - ცნობა სათაურის შესახებ
Title გლობალიზაცია,ეკონომიკური თეორია და საქართველო /
Statement of responsibility, etc როზეტა ასათიანი ; მეცნ.-რედ: იაკობ მესხია.
264 ## - წარმოების, გამოცემის, დისტრიბუციის და სხვა ცნობები
გამოცემის, წარმოების, დისტრიბუციის... ადგილი თბილისი :
გამოცემის, წარმოების, დისტრიბუციის... სახელწოდება სიახლე,
გამოცემის, წარმოების, დისტრიბუციის... თარიღი 2010.
300 ## - ფიზიკური აღწერა
Extent 84 გვ .:
Dimensions 20 სმ.
504 ## - BIBLIOGRAPHY, ETC. NOTE
Bibliography, etc ბიბლიოგრ.ტექსტ.შენიშვნ.და გვ.75-82.
520 ## - SUMMARY, ETC.
Summary, etc რეზ.ინგლ. ენაზე
653 ## - INDEX TERM--UNCONTROLLED
Uncontrolled term გლობალიზაცია
653 ## - INDEX TERM--UNCONTROLLED
Uncontrolled term ეკონომიკური თეორია
700 ## - ADDED ENTRY--PERSONAL NAME
Personal name მესხია, იაკობ.
Relator term სამეცნიერო რედაქტორი
9 (RLIN) 4612
942 ## - ADDED ENTRY ELEMENTS (KOHA)
Koha item type წიგნი
Source of classification or shelving scheme
ეგზემპლარები
ჩამოწერის სტატუსი დაკარგული ეგზემპლარის სტატუსი კლასიფიკაციის წყარო ან თაროზე გაწყობის სქემა დაზიანების სტატუსი არ გაიცემა მუდმივი მდებარეობა (დაცვის ადგილი) ამჟამინდელი ადგილსამყოფელი თაროზე განთავსების ადგილი შეძენის თარიღი ღირებულება, შესყიდვის ნორმალური ფასი სრული შენახვის შიფრი შტრიხკოდი ბოლო ოპერაციის თარიღი ეგზემპლარის მიმდევრობითი ნომერი (კეტერი?) ფასის ძალაში შესვლის თარიღი ეგზემპლარის სახეობა საჯარო შენიშვნა
          ბათუმის შოთა რუსთაველის სახელმწიფო უნივერსიტეტის მთავარი ბიბლიოთეკა ბათუმის შოთა რუსთაველის სახელმწიფო უნივერსიტეტის მთავარი ბიბლიოთეკა წიგნსაცავი 2018-12-17 15.00 339.924+330.1+316.32(479.22) ა-87 23420 2018-12-17 23420 2018-12-17 წიგნი 15.00
          ბათუმის შოთა რუსთაველის სახელმწიფო უნივერსიტეტის მთავარი ბიბლიოთეკა ბათუმის შოთა რუსთაველის სახელმწიფო უნივერსიტეტის მთავარი ბიბლიოთეკა წიგნსაცავი 2018-12-17 15.00 339.924+330.1+316.32(479.22) ა-87 23421 2018-12-17 23421 2018-12-17 წიგნი 15.00
          ბათუმის შოთა რუსთაველის სახელმწიფო უნივერსიტეტის მთავარი ბიბლიოთეკა ბათუმის შოთა რუსთაველის სახელმწიფო უნივერსიტეტის მთავარი ბიბლიოთეკა წიგნსაცავი 2018-12-17 15.00 339.924+330.1+316.32(479.22) ა-87 23422 2018-12-17 23422 2018-12-17 წიგნი 15.00
          ბათუმის შოთა რუსთაველის სახელმწიფო უნივერსიტეტის მთავარი ბიბლიოთეკა ბათუმის შოთა რუსთაველის სახელმწიფო უნივერსიტეტის მთავარი ბიბლიოთეკა წიგნსაცავი 2018-12-17 15.00 339.924+330.1+316.32(479.22) ა-87 23423 2018-12-17 23423 2018-12-17 წიგნი 15.00
          ბათუმის შოთა რუსთაველის სახელმწიფო უნივერსიტეტის მთავარი ბიბლიოთეკა ბათუმის შოთა რუსთაველის სახელმწიფო უნივერსიტეტის მთავარი ბიბლიოთეკა წიგნსაცავი 2018-12-17 15.00 339.924+330.1+316.32(479.22) ა-87 23424 2018-12-17 23424 2018-12-17 წიგნი 15.00
          ბათუმის შოთა რუსთაველის სახელმწიფო უნივერსიტეტის მთავარი ბიბლიოთეკა ბათუმის შოთა რუსთაველის სახელმწიფო უნივერსიტეტის მთავარი ბიბლიოთეკა წიგნსაცავი 2018-12-17 6.00 339.924+330.1+316.32(479.22) ა-87 58786 2018-12-17 58786 2018-12-17 წიგნი 6ლ.50თ.